Visual 'Mum' Rhymes Quiz Stats

 Plays Quiz not verified by Sporcle

Challenge
Share
Tweet
Score 0/12 Timer 02:00
0 Plays Today
% Correct
Rum
97.6%
Bum
96.7%
Drum
95.5%
Plum
94.3%
Thumb
93.6%
Gum
91.9%
Sum
91%
Slum
80.3%
Scrum
67.2%
Crumb
62.5%
Chum
56.1%
Hum
42.5%

You're not logged in!

Compare scores with friends on all Sporcle quizzes.
OR
Log In

You Might Also Like...

Show Comments

Extras

Top Quizzes Today


Score Distribution

Your Account Isn't Verified!

In order to create a playlist on Sporcle, you need to verify the email address you used during registration. Go to your Sporcle Settings to finish the process.

Report this User

Report this user for behavior that violates our Community Guidelines.

Details: